Countries by road sign - Statistics

General Stats
  • This quiz has been taken 57 times
  • The average score is 35 of 127
Answer Stats
Picture Answer % Correct
United States of America
71%
Georgia
65%
Italy
62%
Kosovo
62%
Russia
56%
Croatia
53%
Czech Republic
53%
Pakistan
53%
Turkey
53%
Belgium
50%
Denmark
50%
Gambia
50%
Kazakhstan
50%
Slovakia
50%
Eswatini
47%
Iran
47%
Serbia
47%
Turkmenistan
47%
Benin
44%
Botswana
44%
Bulgaria
44%
China
44%
Ireland
44%
Romania
44%
Tunisia
44%
Australia
41%
Belarus
41%
Hong Kong
41%
Japan
41%
North Macedonia
41%
Norway
41%
Saudi Arabia
41%
Switzerland
41%
Armenia
38%
Bangladesh
38%
Cameroon
38%
Colombia
38%
Cuba
38%
New Zealand
38%
Singapore
38%
Vietnam
38%
Finland
35%
India
35%
Netherlands
35%
United Kingdom
35%
Andorra
32%
Bahrain
32%
Germany
32%
Honduras
32%
Israel
32%
Luxembourg
32%
Mexico
32%
Poland
32%
South Korea
32%
Taiwan
32%
Ukraine
32%
Venezuela
32%
Cambodia
29%
Canada
29%
Greece
29%
Jordan
29%
Morocco
29%
Nepal
29%
Bosnia and Herzegovina
26%
France
26%
Latvia
26%
Namibia
26%
Senegal
26%
South Africa
26%
Syria
26%
United Arab Emirates
26%
Austria
24%
Costa Rica
24%
Iceland
24%
Montenegro
24%
Qatar
24%
Spain
24%
Sri Lanka
24%
Thailand
24%
Uzbekistan
24%
Ethiopia
21%
Ghana
21%
Malta
21%
Sweden
21%
Togo
21%
Angola
18%
Bhutan
18%
Chad
18%
Sudan
18%
Algeria
15%
Azerbaijan
15%
Chile
15%
Estonia
15%
Hungary
15%
Indonesia
15%
Lebanon
15%
Malaysia
15%
Moldova
15%
Mongolia
15%
Portugal
15%
Slovenia
15%
Albania
12%
Kuwait
12%
Lithuania
12%
Rwanda
12%
Brazil
9%
Fiji
9%
Oman
9%
Panama
9%
Peru
9%
Reunion
9%
Burkina Faso
6%
French Polynesia
6%
Iraq
6%
Paraguay
6%
Puerto Rico
6%
Argentina
3%
Cape Verde
3%
Dominican Republic
3%
Ecuador
3%
Egypt
3%
El Salvador
3%
Mauritius
3%
Nigeria
3%
Philippines
3%
Uruguay
3%
Sao Tome and Principe
0%
No matching quizzes found
Score Distribution
Percent of People with Each Score
Percentile by Number Answered
Your Score History
You have not taken this quiz